Public libraries in India : (Record no. 63509)

MARC details
000 -LEADER
fixed length control field 00753nam a22001697a 4500
005 - DATE AND TIME OF LATEST TRANSACTION
control field 20120227140011.0
020 ## - INTERNATIONAL STANDARD BOOK NUMBER
Terms of availability 00.00
035 ## - SYSTEM CONTROL NUMBER
System control number A-904963
037 ## - SOURCE OF ACQUISITION
Stock number DPL
Source of stock number/acquisition ENG
100 ## - MAIN ENTRY--PERSONAL NAME
Personal name Thomas, V K
245 ## - TITLE STATEMENT
Title Public libraries in India :
Remainder of title Development and finance /
Statement of responsibility, etc by V K Thomas
260 ## - PUBLICATION, DISTRIBUTION, ETC. (IMPRINT)
Place of publication, distribution, etc New Delhi
Name of publisher, distributor, etc Vikas Publishing House Pvt Ltd
Date of publication, distribution, etc 1997
300 ## - PHYSICAL DESCRIPTION
Extent xi, 260p.
Dimensions 20 cms.
942 ## - ADDED ENTRY ELEMENTS (KOHA)
Source of classification or shelving scheme Dewey Decimal Classification
Item type English Books
Classification part 027.4
Call number suffix THO
Holdings
Withdrawn status Lost status Not for loan Collection code Home library Current library Date acquired Cost, normal purchase price Full call number Barcode Cost, replacement price Koha item type
      Non-fiction Sarojini Nagar Sarojini Nagar 27/02/2012 0.00 027.4 THO A-904963 0.00 English Books
      Non-fiction Sarojini Nagar Sarojini Nagar 29/02/2012 0.00 027.4 THO A-904964 0.00 English Books

© Delhi Public Library
Hit Counter
free hit counter